000 00567nam a2200205Ia 4500
003 OSt
005 20250214110322.0
008 210707s1983 xx 000 0 und d
040 _cAL
041 _aKannada
082 _aK894.1 NARS
100 _aNARASIMHASVAMI (K S)
_dನರಸಿಂಹಸ್ವಾಮಿ (ಕೆ.ಎಸ್.)
_9199623
245 _aShilalate..
_bಶಿಲಾಲತೆ
260 _aBengaluru
_bVishva Kannada Sammelana
_c1983
300 _aiv,88 p
365 _b2
_cINR
563 _aPB
650 _aKannada Poetry
_9199624
942 _2ddc
_cBK
999 _c180123
_d180123